000 00741nam a22002537a 4500
001 0206684019
003 DO-SdBNP
005 20180215101728.0
007 0206684019
008 161206b 2002 sp a ||||| |||| 00| 0 spa d
020 _a8420792314
040 _aBPMSU
_bspa
_cBPMSU
100 1 _aMoure, Gonzalo
245 1 0 _aLos caballos de mi tío /
_cGonzalo Moure ; ilustraciones de Fernando Martín Godoy.
250 _a4ª reimp.
260 _aMadrid :
_bAnaya,
_c2002.
300 _a148 p. :
_bil. ;
_c20 cm.
490 1 _aSopa de libros
_v38
700 1 2 _aMartín Godoy, Fernando,
_eil.
830 0 _aSopa de libros ;
_v38
942 _2ddc
_cBK
945 _aInventariado, 2018 /LP
956 _aLOPEREZ
_b10
_c20161206
_hBPMSU
999 _c12323
_d12323